Normal view
MARC view
- Rollain, Philip J
Entry Personal Name
001 - CONTROL NUMBER
- control field: 101693
003 - CONTROL NUMBER IDENTIFIER
- control field: NUST
005 - DATE AND TIME OF LATEST TRANSACTION
- control field: 20221028182510.0
008 - FIXED-LENGTH DATA ELEMENTS
- fixed length control field: 221028|| aca||aabn | a|a d
040 ## - CATALOGING SOURCE
- Original cataloging agency: NUST
- Transcribing agency: NUST
100 ## - HEADING--PERSONAL NAME
- Personal name: Rollain, Philip J
670 ## - SOURCE DATA FOUND
- Source citation: Work cat.: (NUST)180541: Rollain, Philip J., Exploring electricity electronics with the electrical team /, c1979.
